000 00532nam a22001817a 4500
005 20251108172630.0
008 250721s1999 xx 000 0 ara d
082 1 4 _a956,50223/زوا
100 1 _aالزواوي، عصام
245 1 0 _aرحيل الحسين الأب الحاني /
264 1 _aعمان :
_bمركز هيا الثقافي،
_c1999.
300 _a74 ص.
650 1 7 _aتاريخ آسيا
650 1 7 _aتاريخ الأردن
650 1 7 _aعهد الملك حسين
942 _2ddc
_cBK
999 _c84529
_d84529